000 00300nam a22001337a 4500
008 180302b xxu||||| |||| 00| 0 eng d
020 _a9780963816849
041 _aeng
080 _22nd
_a612.39
100 _a10
101 _aNUT
245 _aFitness theory& practice
_cJordan,P
942 _2udc
_cBK
999 _c44082
_d44082